25 Famous People from New Zealand - Statistics

General Stats
  • This quiz has been taken 673 times
    593 since last reset
  • The average score is 9 of 25
Answer Stats
Hint Answer % Correct
Director and producer of The Lord of the Rings trilogy Peter Jackson
84%
Mountaineer who the first climber to reach the summit of Mount Everest Edmund Hillary
83%
Actor who won an Academy Award for Best Actor for playing the movie Gladiator Russell Crowe
83%
Stage name of Ella Yelich-O'Connor, whose most famous song is Royals Lorde
61%
Country singer who is married to Nicole Kidman Keith Urban
55%
Prime minister of New Zealand and leader of the Labour Party since 2017 Jacinda Ardern
51%
Director of movies Jojo Rabbit, Hunt for the Wilderpeople and Thor: Ragnarok Taika Waititi
47%
Actor who starred as Dr. Alan Grant in Jurassic Park movies Sam Neill
42%
New Zealand-born scientist who became known as the father of nuclear physics Ernest Rutherford
34%
Actress who played the title character of TV series Xena: Warrior Princess Lucy Lawless
34%
Actress who received the Academy Award at the age of 11, for playing in film The Piano Anna Paquin
29%
Singer who was featured on single Somebody That I Used to Know by Gotye Kimbra
29%
Race-car designer, driver, engineer, and inventor whose name lives on in a Formula One Bruce McLaren
28%
Rugby player who has won the World Rugby player of the year award three times Richie McCaw
28%
Basketball player who played for Oklahoma City, New Orleans and Memphis {Steven} Adams
27%
Opera singer who sang at the wedding of Prince Charles and Lady Diana Kiri Te Kanawa
26%
Female shot putter, a four-time World champion and two-time Olympic champion {Valerie} Adams
25%
Musician best known as a member of the bands Crowded House and Split Enz Neil Finn
18%
Actor who portrayed Jango Fett and Boba Fett in Star Wars franchise Temuera Morrison
17%
Actor who starred as superhero Homelander in TV series The Boys Anthony Starr
16%
Suffragette who was the leader of the fight to win the right for New Zealand women to vote Kate Sheppard
14%
Model, actress and the host of Imagination Television's Tour of Beauty Rachel Hunter
14%
Modernist writer who wrote short stories and poetry Katherine Mansfield
7%
Actor who portrayed Dr. Nathan Riggs in drama TV series Grey's Anatomy Martin Henderson
6%
Actor who played in TV series Trauma, Missing and Fear the Walking Dead Cliff Curtis
5%
No matching quizzes found
Score Distribution
Percent of People with Each Score
Percentile by Number Answered
Your Score History
You have not taken this quiz since the last reset